<?xml version="1.0" encoding="UTF-8"?>
<record
    xmlns:xsi="http://www.w3.org/2001/XMLSchema-instance"
    xsi:schemaLocation="http://www.loc.gov/MARC21/slim http://www.loc.gov/standards/marcxml/schema/MARC21slim.xsd"
    xmlns="http://www.loc.gov/MARC21/slim">

  <leader>01401nam a22002657a 4500</leader>
  <controlfield tag="005">20110620110443.0</controlfield>
  <controlfield tag="008">110620t        xxu||||| |||| 00| 0 mar d</controlfield>
  <datafield tag="010" ind1=" " ind2=" ">
    <subfield code="a">MAR-20977</subfield>
  </datafield>
  <datafield tag="020" ind1=" " ind2=" ">
    <subfield code="c">400.00</subfield>
  </datafield>
  <datafield tag="035" ind1=" " ind2=" ">
    <subfield code="a">MR-13635</subfield>
  </datafield>
  <datafield tag="037" ind1=" " ind2=" ">
    <subfield code="b">DBAD/PUB</subfield>
  </datafield>
  <datafield tag="040" ind1=" " ind2=" ">
    <subfield code="a">DPL</subfield>
    <subfield code="b">MR</subfield>
  </datafield>
  <datafield tag="082" ind1=" " ind2=" ">
    <subfield code="a">294.5924</subfield>
  </datafield>
  <datafield tag="100" ind1=" " ind2=" ">
    <subfield code="a">&#x935;&#x94D;&#x92F;&#x93E;&#x938;</subfield>
    <subfield code="9">28644</subfield>
  </datafield>
  <datafield tag="245" ind1=" " ind2=" ">
    <subfield code="a">&#x936;&#x94D;&#x930;&#x940;&#x915;&#x943;&#x937;&#x94D;&#x923; &#x917;&#x940;&#x924;&#x93E; /</subfield>
    <subfield code="c">&#x935;&#x94D;&#x92F;&#x93E;&#x938; : &#x92E;&#x928;&#x94B;&#x939;&#x930; &#x927;&#x93E;&#x930;&#x923;&#x915;&#x930; &#x924;&#x925; &#x92E;&#x902;&#x917;&#x932; &#x92E;&#x928;&#x94B;&#x939;&#x930; &#x927;&#x93E;&#x921;&#x923;&#x915;&#x930; &#x926;&#x94D;&#x935;&#x93E;&#x930;&#x93E; &#x905;&#x928;&#x941;&#x935;&#x93E;&#x926;&#x93F;&#x924;</subfield>
  </datafield>
  <datafield tag="246" ind1=" " ind2=" ">
    <subfield code="a">Shrikrish Gita</subfield>
    <subfield code="b">by Vyas</subfield>
  </datafield>
  <datafield tag="260" ind1=" " ind2=" ">
    <subfield code="a">&#x928;&#x93E;&#x938;&#x93F;&#x915;  </subfield>
    <subfield code="b">&#x92E;&#x928;&#x94B;&#x939;&#x930; &#x927;&#x93E;&#x930;&#x923;&#x915;&#x930;</subfield>
    <subfield code="c">2011</subfield>
  </datafield>
  <datafield tag="270" ind1=" " ind2=" ">
    <subfield code="a">&#x92C;&#x940;-2,&#x915;&#x947;. &#x91C;&#x947;.&#x938;&#x94B;&#x938;&#x93E;&#x92F;&#x91F;&#x940; &#x928;&#x902;.2. &#x91C;&#x94D;&#x92F;&#x94B;&#x924;&#x940; &#x915;&#x932;&#x936; &#x938;&#x92E;&#x94B;&#x930; &#x930;&#x93E;&#x915;&#x93E; &#x915;&#x949;&#x932;&#x928;&#x940;,&#x936;&#x930;&#x923;&#x92A;&#x942;&#x930; &#x930;&#x94B;&#x921;,</subfield>
    <subfield code="b">&#x928;&#x93E;&#x938;&#x93F;&#x915;  </subfield>
    <subfield code="e">422002</subfield>
  </datafield>
  <datafield tag="300" ind1=" " ind2=" ">
    <subfield code="a">191&#x92A;&#x943;.</subfield>
    <subfield code="c">24&#x938;&#x947;&#x92E;&#x940;(&#x905;&#x91C;&#x93F;&#x932;&#x94D;&#x926;)</subfield>
  </datafield>
  <datafield tag="500" ind1=" " ind2=" ">
    <subfield code="a">&#x936;&#x94D;&#x930;&#x940;&#x92E;&#x926;&#x94D; &#x92D;&#x917;&#x935;&#x926;&#x94D; &#x917;&#x940;&#x924;&#x93E;</subfield>
  </datafield>
  <datafield tag="700" ind1=" " ind2=" ">
    <subfield code="a">&#x927;&#x93E;&#x930;&#x923;&#x915;&#x930;,&#x92E;&#x928;&#x94B;&#x939;&#x930;</subfield>
    <subfield code="9">28650</subfield>
  </datafield>
  <datafield tag="700" ind1=" " ind2=" ">
    <subfield code="a">&#x927;&#x93E;&#x930;&#x923;&#x915;&#x930;,&#x92E;&#x902;&#x917;&#x932;&#x93E; &#x92E;&#x928;&#x94B;&#x939;&#x930; </subfield>
    <subfield code="9">28651</subfield>
  </datafield>
  <datafield tag="942" ind1=" " ind2=" ">
    <subfield code="2">ddc</subfield>
    <subfield code="c">MR</subfield>
    <subfield code="m">&#x935;&#x94D;&#x92F;&#x93E;&#x938;&#x936;&#x94D;&#x930;&#x940;</subfield>
    <subfield code="h">294.5924</subfield>
  </datafield>
  <datafield tag="999" ind1=" " ind2=" ">
    <subfield code="c">53014</subfield>
    <subfield code="d">53014</subfield>
  </datafield>
  <datafield tag="952" ind1=" " ind2=" ">
    <subfield code="0">0</subfield>
    <subfield code="1">0</subfield>
    <subfield code="2">ddc</subfield>
    <subfield code="4">0</subfield>
    <subfield code="7">1</subfield>
    <subfield code="8">NFIC</subfield>
    <subfield code="a">DBAD</subfield>
    <subfield code="b">DBAD</subfield>
    <subfield code="d">2011-06-20</subfield>
    <subfield code="e">DBAD / PUB</subfield>
    <subfield code="g">400.00</subfield>
    <subfield code="l">0</subfield>
    <subfield code="o"> 294.5924&#x935;&#x94D;&#x92F;&#x93E;&#x938;&#x936;&#x94D;&#x930;&#x940;</subfield>
    <subfield code="p">MR-13635</subfield>
    <subfield code="r">2011-06-20 00:00:00</subfield>
    <subfield code="t">1</subfield>
    <subfield code="v">400.00</subfield>
    <subfield code="y">MR</subfield>
  </datafield>
</record>
